Liderlik laboratuvarı : (Record no. 14588)

MARC details
000 -BAŞLIK
Sabit Uzunlukta Kontrol Alanı 00818nam a22002417a 4500
999 ## - SİSTEM KONTROL NUMARALARI (KOHA)
Koha Biblionumber 14588
Koha Biblioitemnumber 14588
003 - KONTROL NUMARASI IDENTIFIER
Denetim Alanı MIRAKIL
005 - SON İŞLEM TARİHİ VE ZAMANI
Denetim Alanı 20211103141948.0
008 - SABİT-BOY VERİ ELEMANLARI - GENEL BİLGİLER
Sabit Uzunlukta Kontrol Alanı 211103b tu ||||| |||| 00| 0 tur d
020 ## - ULUSLARARASI STANDART KİTAP NUMARASI
Uluslararası Standart Kitap Numarası 9786254054907
040 ## - KATALOGLAMA KAYNAK
Orijinal Kataloglama Ajansı TR-AnCHP
Kataloglama Dili tur
Metne Dönüştürmek Ajansı TR-AnCHP
082 ## - DEWEY ONLU SINIFLANDIRMA NUMARASI
Sınıflandırma Numarası 658.4
Ürün Numarası L38l 2020
100 ## - ANA GİRİŞ - KİŞİSEL İSİM
Kişisel Ad Lewis, Chris
245 ## - BAŞLIK TABLOSU
Başlık Liderlik laboratuvarı :
Başlığın Kalan 21. yüzyılda liderlik/
Sorumluluk Tablosu, Vb Chris Lewis ; Pippa Malmgren ; çeviren Ümit Şensoy
260 ## - YAYIN, DAĞITIM, VB
Yayın, Dağıtım, Vb Yeri İstanbul:
Yayıncı, Dağıtıcı, Vs Adı Türkiye İş bankası Kültür Yayınları,
Yayın, Dağıtım, Vb Tarihi 2020.
300 ## - FİZİKSEL TANIM
Kapsam 257 s.:
Diğer Fiziksel Ayrıntıları şkl.;
Boyutlar 23 sm.
490 0# - SERİSİ TABLOSU
Seri Beyanı Türkiye İş bankası Kültür Yayınları;
Hacim / Ardışık Tanımı Genel Yayın:5180
504 ## - KAYNAKÇA VB NOT
Kaynakça Vb Notu Kaynakça vardır.
650 ## - KONU KATMA GİRİŞ - TOPİKAL DÖNEM
Topikal Süreli Veya Coğrafi Ad Giriş Elemanı Liderlik
650 ## - KONU KATMA GİRİŞ - TOPİKAL DÖNEM
Topikal Süreli Veya Coğrafi Ad Giriş Elemanı Liderlik
Kronolojik Alt Bölümü 21 yüzyıl
700 ## - KATMA GİRİŞ - KİŞİSEL İSİM
9 (RLIN) 6794
Kişisel Ad Malmgren, Pippa
700 1# - KATMA GİRİŞ - KİŞİSEL İSİM
9 (RLIN) 1813
Kişisel Ad Şensoy, Ümit
Relator Terim çev.
942 ## - EKLENDİ GİRİŞ ELEMANLARI (KOHA)
Sınıflandırma Veya Raf Düzeni Kaynak Dewey Decimal Classification
Koha Öğesi Türü Books
Holdings
Kalıcı Konum Mevcut Konum Edinme Tarihi Toplam Check-Out'Lar Tam Çağrı Numarası Barkod Tarih Son Görülme İtibaren Geçerli Fiyatlar Sigara Kamu Notu Koha Öğesi Türü
CHP Kütüphanesi CHP Kütüphanesi 11/03/2021   658.4 L38l 2020 020083 11/03/2021 11/03/2021 Kemal Kılıçdaroğlu bağışıdır. Books